|
|
|
|
| LEADER |
02268nam a2200541 i 4500 |
| 001 |
001476343 |
| 003 |
CZ BrMZK |
| 005 |
20171025102049.0 |
| 006 |
m||||||||d|||||||| |
| 007 |
co cg |
| 008 |
150622s2015 xr a eq 000 0 cze |
| 015 |
|
|
|a cnb002704845
|
| 020 |
|
|
|a 978-80-7414-916-0
|q (CDR)
|
| 040 |
|
|
|a BOA001
|b cze
|e rda
|
| 072 |
|
7 |
|a 37
|x Výchova a vzdělávání
|2 Konspekt
|9 22
|
| 072 |
|
7 |
|a 37.016
|x Učební osnovy. Vyučovací předměty. Učebnice
|2 Konspekt
|9 22
|
| 080 |
|
|
|a 37.012
|2 MRF
|
| 080 |
|
|
|a (075.8)
|2 MRF
|
| 080 |
|
|
|a (0.034.44)
|2 MRF
|
| 100 |
1 |
|
|a Doulík, Pavel,
|d 1977-
|7 mzk2004257530
|4 aut
|
| 245 |
1 |
0 |
|a Cvičebnice vybraných metod pedagogického výzkumu /
|c Pavel Doulík, Jiří Škoda, Martin Bílek
|
| 250 |
|
|
|a 2. vydání
|
| 264 |
|
1 |
|a Ústí nad Labem :
|b Univerzita J.E. Purkyně v Ústí nad Labem,
|c 2015
|
| 300 |
|
|
|a 1 CD-ROM (16 textových souborů) :
|b ilustrace (převážně barevné) ;
|c 12 cm
|
| 336 |
|
|
|a text
|b txt
|2 rdacontent
|
| 336 |
|
|
|a dvojrozměrný pohyblivý obraz
|b tdi
|2 rdacontent
|
| 337 |
|
|
|a počítač
|b c
|2 rdamedia
|
| 338 |
|
|
|a počítačový disk
|b cd
|2 rdacarrier
|
| 347 |
|
|
|a textové soubory
|b MS Word
|b PDF
|2 rda
|
| 347 |
|
|
|a audio soubor
|b MP3
|2 rda
|
| 347 |
|
|
|a video soubor
|b Windows Media
|2 rda
|
| 347 |
|
|
|a program
|2 rda
|
| 500 |
|
|
|a Název z disku
|
| 500 |
|
|
|a Nad názvem: Pedagogická fakulta, Univerzita Jana Evangelisty Purkyně v Ústí nad Labem
|
| 500 |
|
|
|a Terminologický slovník
|
| 504 |
|
|
|a Obsahuje bibliografie
|
| 538 |
|
|
|a Technické požadavky: OS MS Windows, 5 MB HDD, 128 MB RAM, Macromedia Flash Player
|
| 650 |
0 |
7 |
|a pedagogický výzkum
|x úlohy
|7 ph124017
|2 czenas
|
| 650 |
0 |
7 |
|a pedagogický výzkum
|7 ph124017
|x metody
|2 czenas
|
| 655 |
|
7 |
|a učebnice vysokých škol
|7 fd133772
|2 czenas
|
| 655 |
|
7 |
|a CD-ROM
|7 fd133955
|2 czenas
|
| 700 |
1 |
|
|a Škoda, Jiří,
|d 1972-
|7 ola2002153673
|4 aut
|
| 700 |
1 |
|
|a Bílek, Martin,
|d 1964-
|7 mzk2003173196
|4 aut
|
| 710 |
2 |
|
|a Univerzita J.E. Purkyně v Ústí nad Labem.
|b Pedagogická fakulta
|7 kn20010709358
|4 isb
|
| 856 |
4 |
1 |
|u http://www.digitalniknihovna.cz/mzk/view/uuid:0912c410-9093-4543-9f2d-dabca877cc58
|y Digitalizovaný dokument
|
| 910 |
|
|
|a BOA001
|b CDR-1350.014
|
| 990 |
|
|
|a BK
|
| 991 |
|
|
|b 201510
|c NOV
|e n
|